| 000 | 00893nam a22002417a 4500 | ||
|---|---|---|---|
| 005 | 20090523152836.0 | ||
| 008 | 090523t xxu||||| |||| 00| 0 eng d | ||
| 010 | _aENG-93687 | ||
| 020 |
_a9788131305133 _c595.00 |
||
| 035 | _aEN-77220 | ||
| 037 | _bDBAD / PUB | ||
| 040 |
_adpl _bEnglish |
||
| 082 | _a370.711 | ||
| 100 | _aDas, B.C. | ||
| 245 |
_aManagement of teacher education / _cby B.C. Das |
||
| 260 |
_aNew Delhi _bAPH Publishing _c2009 |
||
| 270 |
_a4435-36/7, Ansari Road, Daryaganj, _bNew Delhi _e110002 |
||
| 300 |
_axii, 231p. _c22cm(Hb) |
||
| 500 | _aIncludes bibliographicl references and index | ||
| 650 |
_aTeachers _xTraining of |
||
| 942 |
_2ddc _cEN _mDAS _h370.711 |
||
| 999 |
_c26730 _d26730 |
||